000 00774nam a22002894a 4500
001 UByD003252
003 AR-LpoUNG
005 20240927142507.0
008 240927s2021 ag ao 000 p spa d
020 _a9789877281293
040 _aAR-LpoUNG
_bspa
_cAR-LpoUNG
_eaacr
041 0 _aspa
082 0 _aA861 934ant
100 1 _aRuíz Díaz, Emiliano
_ecomp.
_epról.
245 1 0 _aAntología gauchiperonista (1945-1975)
250 _a1ra. ed.
260 _aBuenos Aires :
_bBiblioteca Nacional,
_c2021.
300 _a477 p. :
_bil., fot. col.
650 4 _aLITERATURA
650 4 _aPOESIA
650 4 _aPOESIA GAUCHESCA
650 4 _aANTOLOGIAS
650 4 _aHISTORIA NACIONAL
653 0 _aLITERATURA ARGENTINA
653 0 _aPERONISMO
942 _2ddc
_cLIB
999 _c65902
_d65902